Los eruditos a la violeta, o Curso completo de todas las ciencias (Record no. 152920)

MARC details
000 -LEADER
campo de control de longitud fija 01452nam a2200265 i 4500
001 - NÚMERO DE CONTROL
campo de control 152920
003 - IDENTIFICADOR DE NÚMERO DE CONTROL
campo de control ES-MaACL
005 - FECHA Y HORA DE LA ÚLTIMA TRANSACCIÓN
campo de control 20230906204929.0
008 - DATOS DE LONGITUD FIJA--INFORMACIÓN GENERAL
campo de control de longitud fija 931025s1781 sp |||| | spa d
100 1# - ENTRADA PRINCIPAL--NOMBRE DE PERSONA
Nombre de persona Cadalso, José (
Fechas asociadas al nombre 1741-1782)
9 (RLIN) 33373
245 14 - MENCIÓN DEL TÍTULO
Título Los eruditos a la violeta, o Curso completo de todas las ciencias
Resto del título : dividido en siete lecciones para los siete dias de la semana : con el Suplemento de este /
Mención de responsabilidad, etc. compuesto por D. Joseph Vazquez ... ; y una junta que en casa de don Santos Celis tubieron ciertos eruditos a la violeta y parecer que sobre dicho papel ha dado él mismo a don Manuel Noriega...
246 30 - FORMA VARIANTE DEL TITULO
Título propio/Titulo breve Curso completo de todas las ciencias
Resto del título : dividido en siete lecciones para los siete dias de la semana
260 ## - PUBLICACIÓN, DISTRIBUCIÓN, ETC.
Lugar de publicación, distribución, etc. Madrid :
Nombre del editor, distribuidor, etc. por D. Isidoro de Hernandez Pacheco,
Fecha de publicación, distribución, etc. 1781.
300 ## - DESCRIPCIÓN FÍSICA
Extensión 156 p. ;
Dimensiones 4º.
530 ## - NOTA DISPONIBLE DE FORMULARIO FÍSICO ADICIONAL
Nota de formato físico adicional disponible Disponible en formato digital.
594 ## - Nota al título y mención de responsabilidad
Nota al título y mención de responsabilidad Joseph Vazquez es seudónimo de José Cadalso, el autor.
595 ## -
-- Existe una ed. casi idéntica, pero con diferencias tipográficas y de composición.
596 ## - NOTA AL PIE DE IMPRENTA
NOTA AL PIE DE IMPRENTA Colofón.
597 ## - NOTA DE DESCRIPCIÓN FÍSICA
NOTA DE DESCRIPCIÓN FÍSICA Sign.: A-T4, V2.
597 ## - NOTA DE DESCRIPCIÓN FÍSICA
NOTA DE DESCRIPCIÓN FÍSICA Port. con grab calc: "G. Schouten, inv. et efec."
650 04 - PUNTO DE ACCESO ADICIONAL DE MATERIA--TÉRMINO DE MATERIA
Término de materia o nombre geográfico como elemento de entrada Literatura española-
Subdivisión cronológica S.XVIII.
9 (RLIN) 14573
700 1# - ENTRADA AGREGADA--NOMBRE PERSONAL
Nombre de persona Hernández Pacheco, Isidoro.
9 (RLIN) 127902
852 ## - LOCALIZACIÓN
Ubicación ES-MaACL
Número de control de estantería R-1173(1)
Nota libre - Enc. piel
Encuadernación - Olim: G-11036
856 ## - LOCALIZACIÓN Y ACCESO ELECTRÓNICOS
Identificador Uniforme de Recursos <a href="http://bdh-rd.bne.es/viewer.vm?id=0000095080&page=1 ">http://bdh-rd.bne.es/viewer.vm?id=0000095080&page=1 </a>
Nota pública Biblioteca Digital Hispánica
Holdings
Estatus retirado Estado de pérdida Estado de daño No para préstamo Colección Biblioteca de origen Biblioteca actual Ubicación en estantería Fecha de adquisición Fuente de adquisición Total de préstamos Signatura topográfica completa Código de barras Visto por última vez Precio de reemplazo Tipo de ítem Koha
        Colección digital Biblioteca del Ateneo de Madrid Biblioteca del Ateneo de Madrid Depósito 17/01/2008     R-1173(1) 1159725 23/02/2023 23/02/2023 Libro impreso antiguo